Describing species : (Registro nro. 5175)

Detalles MARC
000 -CABECERA
Campo de control 00776cam a22002294a 4500
005 - FECHA Y HORA DE LA ULTIMA TRANSACCION
Campo de control 20160609090410.0
008 - ELEMENTOS DE LONGITUD FIJA—INFORMACION GENERAL
Campo de control 990203s1999 nyu b 001 0 eng
020 ## - ISBN
ISBN 0231068247
020 ## - ISBN
ISBN 0231068255
040 ## - FUENTE DE CATALOGACIÓN
Agencia catalogadora original DLC
Agencia transcriptora DLC
Agencia Modificadora DLC
-- CO-BoIAVH
041 0# - IDIOMA
Código de idioma para texto/pista de sonido o título separado Español
044 ## - PAÍS DE PUBLICACIÓN
País de publicación Estados Unidos
082 00 - NUMERO DE CLASIFICACION DECIMAL DEWEY
Número de clasificación 570.12
Número del ítem W78d
100 1# - ASIENTO PRINCIPAL--NOMBRE PERSONAL
Nombre personal Winston, Judith E.
Término relacionado autora
9 (RLIN) 22679
245 10 - MENCION DE TITULO
Título Describing species :
Parte restante del título practical taxonomic procedure for biologists /
Mención de responsabilidad Judith E. Winston.
260 ## - PUBLICACION, DISTRIBUCION, ETC. (PIE DE IMPRENTA)
Lugar de publicación, distribución, etc. New York :
Nombre del editor, distribuidor, etc. Columbia University Press,
Fecha de publicación, distribución, etc. c1999.
300 ## - DESCRIPCION FISICA
Extensión xx, 518 páginas :
Otros detalles físicos ilustraciones ;
Dimensiones 23 x 15 cm.
504 ## - NOTA DE BIBLIOGRAFIA, ETC.
Nota de bibliografía Incluye referencias bibliográficas: páginas 455-487.
650 16 - ASIENTO SECUNDARIO DE MATERIA - TERMINO TEMATICO
Término temático o nombre geográfico como elemento de entrada Biología
Subdivisión general Clasificación
9 (RLIN) 71514
650 26 - ASIENTO SECUNDARIO DE MATERIA - TERMINO TEMATICO
Término temático o nombre geográfico como elemento de entrada Especies
Subdivisión general Taxonomía
9 (RLIN) 71515
942 ## - ELEMENTOS ADICIONALES (KOHA)
Sistema de clasificación Dewey Decimal Classification
Tipo de ítem Libro
Existencias
Withdrawn status Lost status Sistema de Clasificación Damaged status No para préstamo Colección Inventariado Ubicación Permanente Ubicación actual Fecha de adquisición Fuente de Valor Valor Total Checkouts Número topográfico Inventario / Código de Barras Date last seen Date checked out Ejemplar Price effective from Forma de adquisición Tipo de material
    Dewey Decimal Classification     General Inventariado 2017 Bogotá Bogotá 17/01/2006 Instituto 39000.00 1 LB-570.12 W78d 022900 09/06/2016 31/07/2015 Ej. 1 04/12/2012 Compra Libro